Tradičné výrobky sú výbornou príležitosťou

Produkcia výrobkov s chráneným označením kvality by mohla byť šancou aj pre mnohých slovenských výrobcov. Výroba potravinárskych produktov podľa overených tradičných receptúr a jej výhody.

Saved in:
Bibliographic Details
Main Author: Palfiová, Anna
Format: Book Chapter
Language:Slovak
Subjects:
Tags: Add Tag
No Tags, Be the first to tag this record!

MARC

LEADER 00000naa a2200000 4500
001 0137096
005 20231208065150.2
041 0 |a slo 
044 |a SK 
245 1 0 |a Tradičné výrobky sú výbornou príležitosťou  |c Anna Palfiová 
520 |a Produkcia výrobkov s chráneným označením kvality by mohla byť šancou aj pre mnohých slovenských výrobcov. Výroba potravinárskych produktov podľa overených tradičných receptúr a jej výhody. 
610 2 0 |a potravinárstvo 
610 2 0 |a potraviny 
610 2 0 |a Slovensko 
100 1 |a Palfiová, Anna